| 000 | 00701cam a22002293a 4500 | ||
|---|---|---|---|
| 001 | 10967 | ||
| 003 | PGUSA | ||
| 005 | 20140828083231.0 | ||
| 008 | 040201s2004||||xxu|||||s|||||000 | eng d | ||
| 040 |
_aPGUSA _beng |
||
| 042 | _adc | ||
| 050 | 4 | _aD501 | |
| 100 | 1 |
_aKreisler, Fritz, _d1875-1962 |
|
| 245 | 1 | 0 |
_aFour Weeks in the Trenches : _bThe War Story of a Violinist _h[electronic resource] / _cFritz Kreisler |
| 260 |
_bProject Gutenberg, _c2004 |
||
| 506 | _aPublic domain in the USA. | ||
| 516 | _aElectronic text | ||
| 653 | _aWorld War, 1914-1918 -- Personal narratives, Austrian | ||
| 830 | 0 |
_aProject Gutenberg _v10967 |
|
| 856 | 4 | 0 | _uhttp://www.gutenberg.org/ebooks/10967 |
| 942 | _cEB | ||
| 999 |
_c240222 _d240222 |
||